000 01847nam a2200433 i 4500
001 31883
003 KOSZ 005
005 20201202124950.0
008 971010s1997 pl f |100 0 pol d
020 _a8387424013
040 _cKOSZ 005
_aKOSZ 005
_dKOSZ 005/HR
041 0 _apol
_arus
_bpol
_beng
046 _k1997
080 _a628.1/.3
080 _a(06)
245 0 0 _aWspółczesne problemy gospodarki wodno-ściekowej :
_b[międzynarodowa konferencja naukowo-techniczna], Koszalin-Kołobrzeg maj '97 /
_cPolitechnika Koszalińska. Wydział Budownictwa i Inżynierii Środowiska. Katedra Sieci i Instalacji Sanitarnych, Polskie Zrzeszenie Inżynierów i Techników Sanitarnych. Oddział Koszalin ; [kom. nauk. Wojciech Adamski et al.].
260 _aKoszalin :
_bWydaw. Uczelniane PK,
_c1997.
300 _a529 s. :
_bfot., mapy, rys., wykr. ;
_c24 cm.
336 _2rdacontent
_aTekst
_btxt
337 _2rdamedia
_aBez urządzenia pośredniczącego
_bn
338 _2rdacarrier
_aWolumin
_bnc
380 _aKsiążki
380 _aPublikacje naukowe
388 _a1901-2000
388 _a1989-2000
504 _aBibliogr. przy ref.
546 _aTekst częśc. ros., ang. Streszcz. ang.
650 4 _aŚcieki
650 4 _aOczyszczalnia ścieków
650 4 _aUzdatnianie wody
650 4 _aGospodarka wodna
655 4 _aMateriały konferencyjne
658 _aInżynieria i technika
700 1 _aAdamski, Wojciech
_d(1950- )
_eRedakcja
710 2 _aWydawnictwo Uczelniane (Politechnika Koszalińska)
_4pbl.
856 _uhttp://dlibra.tu.koszalin.pl/dlibra/docmetadata?id=322&from=&dirids=1&ver_id=&lp=4&QI=
_yBiblioteka Cyfrowa
856 _uhttp://koha.tu.koszalin.pl/cgi-bin/koha/opac-detail.pl?biblionumber=31883
_yKatalog online BPK
942 _cKS
_2UKD
999 _c31883
_d31883